000 00452nam a2200181Ia 4500
001 20181
005 20260306172747.0
008 260306t2014||||xx |||||||||||||| ||spa||
041 _aESP
082 _a342.812
_bP43 T. 2
100 _aPerales Viscasillas, Pilar
_eAUT
245 0 _aDerecho comercial internacional
260 _c2014
300 _axxv, páginas : 672-1034
_c23 cm.
650 _aGEN
654 _aCDE
942 _cLIB
_dJUS
_fJUS
_2ddc
_n
999 _c20181
_d20181